Statistics for "Fire" idioms and catch phrases

Click here to take the quiz!

General Stats

  • This quiz has been taken 1,175 times
  • The average score is 11 of 18

Answer Stats

HintAnswer% Correct
Liar, liar ________ on FIRE.pants
89%
Fight __________ with FIREfire
88%
If you play with FIRE, you get _________burned
83%
Where there's ___________ there's FIREsmoke
80%
Great ________ of FIREballs
79%
Earth, ______, and FIREWind
78%
Add _________ to the FIREfuel
72%
Come on ______ light my FIREbaby
69%
Only you can prevent __________ FIRESforest
67%
Out of the ________ _____ and into the FIREfrying pan
65%
Set the ____________ on FIREworld
55%
Not exaclty ___________ the world on FIREsetting
53%
Like a __________ on FIREhouse
43%
______________ by FIREbaptism
38%
Too many __________ in the FIREirons
32%
Hold your _________ to the FIREfeet
27%
In the _______ of FIREline
27%
A burnt __________ dreads the FIREchild
8%

Score Distribution

Percentile by Number Answered

Percent of People with Each Score

Your Score History

You have not taken this quiz